| 000 | 01981nas a2200541 i 4500 | ||
|---|---|---|---|
| 001 | 197113 | ||
| 003 | ES-MaACL | ||
| 005 | 20250823004928.0 | ||
| 007 | ta | ||
| 008 | 250415c19299999sp mr p 0uuub0spa | ||
| 010 |
_ac _b2 |
||
| 016 | 7 |
_abiseBNE19970049339 _2SpMaBN _zREB1996024886 |
|
| 017 |
_aM 22624-2012 _bOficina Depósito Legal Madrid |
||
| 022 | 0 |
_a0035-5658 _2_u |
|
| 035 | _a(OCoLC)436555763 | ||
| 035 | _a(SpMaBN)bise0000165240 | ||
| 035 | _a991053733359708606 | ||
| 037 | _bLira. Isabel Colbrand, 10, Edificio Alfa III-Venecia 2, planta 4ª, nave 95, 28050; tf. 91-3588774, fax 91-3588944 | ||
| 040 |
_aSpMaBN _bspa _cSIC _erdc |
||
| 080 | _a78 | ||
| 130 | 0 |
_aRitmo (Madrid) _9240051 |
|
| 210 | 0 |
_aRitmo _bMadr. |
|
| 222 | 0 |
_aRitmo _bMadrid |
|
| 245 | 1 | 0 |
_aRitmo : _brevista musical ilustrada |
| 246 | 3 | _aRitmo.es | |
| 246 | 3 | _aRitmo punto es | |
| 260 |
_aMadrid : _b[s.n.], _c[1929]- _e(Madrid _fGráfica Universal) |
||
| 260 | 3 |
_31996- _a(Madrid _bLira) |
|
| 300 |
_a43 v. ; _c32 cm |
||
| 310 | _aMensual | ||
| 321 | _aQuincenal | ||
| 336 |
_aTexto (visual) _2rdacontent |
||
| 337 |
_asin mediación _2rdamedia |
||
| 338 |
_2rdacarrier _avolumen |
||
| 362 | 0 | _aAño 1, n. 1 (1 nov. 1929)- | |
| 500 | _aVariaciones en el subtítulo | ||
| 525 | _aNumerosos suplementos puntuales | ||
| 594 | _aTítulo tomado de la cubierta | ||
| 650 | 7 |
_aMúsica _2embne _915376 |
|
| 655 | 7 |
_9226866 _aRevistas |
|
| 852 | 4 |
_aES-MaACL _jHEM-H-86 _cHEM _dOlim: HEM-505 |
|
| 856 | 4 | 1 |
_31929-2020 _uhttps://prensahistorica.mcu.es/es/consulta/registro.do?id=1028803 _yBiblioteca Virtual de Prensa Histórica |
| 856 | 4 | 1 |
_uhttps://dialnet.unirioja.es/servlet/revista?codigo=1837 _ySumarios de la revista en Dialnet |
| 866 | 0 |
_o1933(1934)1963-1966(1967),(1988)1989-2011(2012). _u1934(n.103-105,107 y 109)1967(n.379),1988(n. 593-594) |
|
| 942 |
_2udc _n0 _cPERIODICA |
||
| 955 | _bPilar Fernández Vera | ||
| 999 |
_c197113 _d197113 |
||